| 000 | 00423nam a2200133Ia 4500 | ||
|---|---|---|---|
| 008 | 231129s2010||||xx |||||||||||||| ||spa|| | ||
| 020 | _a978-958-719-466-1 | ||
| 040 | _bspa | ||
| 082 | _a709.861 M533m | ||
| 245 | 0 | _aMemoria Instituto de Investigaciones Estéticas | |
| 260 | _c2010 | ||
| 264 | _aBogotá Colombia : Universidad Nacional de Colombia. Facultad de Artes | ||
| 942 |
_2ddc _cBKS |
||
| 999 |
_c20918 _d20918 |
||